000
00340 a2200169 4500
001
186888
020
_a
85-329-0048-8
040
_c
Magnum
100
_a
Palhares, Simone Claret
240
1
0
_a
Por quê?
_l
por
245
1
0
_a
Por quê?
300
_a
15
362
0
_a
1995
440
1
_a
Lê
697
_a
LITERATURA INFANTO
942
_c
BK
999
_c
186888
_d
186888